| 000 | 00464nam a2200121Ia 4500 | ||
|---|---|---|---|
| 008 | 220217s9999 xx 000 0 und d | ||
| 245 | 0 | _aBritish standard methods of analysis of fats and fatty oils. Part 2. Other methods. Section 2.17. Determination of iron-colorimetric method | |
| 260 | _aLondon | ||
| 260 |
_c1976 _bBritish Standards Institution |
||
| 500 | _aStandard number: BS 684: Sectiob 2.17 | ||
| 650 | _aFats, fatty oils-Iron determination | ||
| 942 | _cST | ||
| 999 |
_c73145 _d73145 |
||